El surrealismo pensamiento del objeto y construcción de mundo (Registro nro. 77892)
[ vista simple ]
| 000 -ENCABEZADO | |
|---|---|
| Número de control [NR] | 00760nam a2200217Ia 4500 |
| 008 - DE LONGITUD FIJA DE DATOS DE ELEMENTOS - INFORMACIÓN GENERAL | |
| Elementos de longitud fija [NR] | 130821s2004 ck a gr spa |
| 020 ## - NUMERO INTERNACIONAL NORMALIZADO PARA LIBROS [R] | |
| Número Internacional Normalizado del libro [NR] | 978 8175 80 1 |
| 040 ## - FUENTE DE CATALOGACION [NR] | |
| Agencia de catalogación original [NR] | Co-BoUCM |
| Idioma de catalogación [NR] | spa |
| 041 00 - CODIGO DE IDIOMA [R] | |
| Código de idioma para texto/pista de sonido o título separado [R] | Español |
| 100 1# - ASIENTO PRINCIPAL--NOMBRE PERSONAL [NR] | |
| Nombre personal [NR] | Gómez Moreno, Pedro Pablo |
| ID Autoridad | 169844 |
| 245 13 - MENCION DE TITULO [NR] | |
| Título [NR] | El surrealismo pensamiento del objeto y construcción de mundo |
| Mención de responsabilidad, etc. [NR] | Pedro Pablo Gómez Moreno |
| 260 ## - PUBLICACION, DISTRIBUCION, ETC. (PIE DE IMPRENTA) [R] | |
| Lugar de publicación, distribución, etc. [R] | Bogotá (Colombia) |
| Nombre del editor, distribuidor, etc. [R] | Universidad Distrital Francisco José de Caldas |
| Fecha de publicación, distribución, etc. [R] | 2004 |
| 300 ## - DESCRIPCION FISICA [R] | |
| Extensión [R] | 189 páginas |
| Otros detalles físicos [NR] | ilustraciones color |
| 490 #0 - MENCION DE SERIE [R] | |
| Mención de serie [R] | Arte y literatura |
| 650 ## - ASIENTO SECUNDARIO DE MATERIA - TERMINO TEMATICO [R] | |
| Término temático o nombre geográfico como elemento de entrada [NR] | Arte moderno |
| Subdivisión cronológica [R] | Siglo XX |
| 9 (RLIN) | 28953 |
| 650 ## - ASIENTO SECUNDARIO DE MATERIA - TERMINO TEMATICO [R] | |
| Término temático o nombre geográfico como elemento de entrada [NR] | Arte |
| 9 (RLIN) | 9444 |
| 650 ## - ASIENTO SECUNDARIO DE MATERIA - TERMINO TEMATICO [R] | |
| Término temático o nombre geográfico como elemento de entrada [NR] | Estética |
| 9 (RLIN) | 15073 |
| 650 ## - ASIENTO SECUNDARIO DE MATERIA - TERMINO TEMATICO [R] | |
| Término temático o nombre geográfico como elemento de entrada [NR] | Surrealismo |
| 9 (RLIN) | 24973 |
| 942 ## - ELEMENTOS DE ENTRADA AGREGADOS (KOHA) | |
| Tipo de ítem principal el descrito en 300a | Libro |
| Tema principal | Arte |
| Edición | 1 |
| Parte restante de la signatura top. | G633s |
| Sistema de clasificación | DEWEY |
| Clasificación | 701.17 |
| Fecha de último préstamo | Total préstamos | Signatura topográfica | Código de barras | Última vez visto | Ejemplar | Price effective from | Tipo de ítem | Perdido | Sistema de clasificación | Dañado | No prestable | Tipo de ítem específico | Suprimido | Ubicación habitual | Ubicación actual | Localización | Fecha de creación | Forma de adquisición | Costo |
|---|---|---|---|---|---|---|---|---|---|---|---|---|---|---|---|---|---|---|---|
| 25/03/2026 | 9 | 701.17 G633s | 100122594 | 17/04/2026 | Ej.1 | 03/02/2013 | Libro | DEWEY | Libro | Claustro | Claustro | 2do piso | 30/09/2012 | Donación | 26000.00 |